Organic electronics in sensors and biotechnology /
Saved in:
| Main Author: | |
|---|---|
| Other Authors: | |
| Format: | Book |
| Language: | English |
| Published: |
New York
McGraw-Hill
2009.
|
| Series: | McGraw-Hill biophotonics.
|
| Subjects: | |
| Online Access: | View in OPAC |
| Tags: |
No Tags, Be the first to tag this record!
|
MARC
| LEADER | 00000cam a2200000 a 4500 | ||
|---|---|---|---|
| 005 | 20260127134105.0 | ||
| 008 | 120206s2009 nyuaf b 001 0 eng | ||
| 010 | |a 2009-019107 | ||
| 015 | |a GBA949168 |2 bnb | ||
| 016 | 7 | |a 015260942 |2 Uk | |
| 020 | |a 9780071596756 (alk. paper) | ||
| 020 | |a 0071596755 (alk. paper) | ||
| 035 | |a vtls010339845 | ||
| 039 | 9 | |y 201202061044 |z mschk03 | |
| 040 | |a DLC |c DLC |d BTCTA |d YDXCP |d UKM |d C#P |d BWX |d CDX |d DLC |d STUSCHK1 | ||
| 082 | 0 | 0 | |a 681/.2 |2 22 |
| 100 | 1 | |a Shinar, Ruth. | |
| 245 | 1 | 0 | |a Organic electronics in sensors and biotechnology / |c Ruth Shinar, Joseph Shinar. |
| 260 | |a New York |b McGraw-Hill |c 2009. | ||
| 300 | |a xix, 419 p., [16] p. of plates |b ill. (some col.) |c 24 cm. | ||
| 490 | 1 | |a Biophotonics series | |
| 504 | |a Includes bibliographical references and index. | ||
| 650 | 0 | |a Detectors |x Materials. | |
| 650 | 0 | |a Organic semiconductors. | |
| 650 | 0 | |a Biotechnology |x Equipment and supplies. | |
| 650 | 0 | |a Organic electronics. | |
| 650 | 0 | |a Biosensors. | |
| 700 | 1 | |a Shinar, Joseph, |d 1948- | |
| 830 | 0 | |a McGraw-Hill biophotonics. | |
| 906 | |a 7 |b cbc |c orignew |d 1 |e ecip |f 20 |g y-gencatlg | ||
| 910 | |a SCHK95 | ||
| 919 | |a 978-0-07-159675-6 | ||
| 925 | 0 | |a acquire |b 2 shelf copies |x policy default | |
| 955 | |f re12 2009-10-29 Z-CipVer telework to BCCD |t rc11 2010-08-17 copy 2 added | ||
| 999 | |c 3865 |d 3865 | ||